| 000 | 00932cam a22002533a 4500 | ||
|---|---|---|---|
| 001 | 31256 | ||
| 003 | PGUSA | ||
| 005 | 20140828083657.0 | ||
| 008 | 100212s2010||||xxu|||||s|||||000 | eng d | ||
| 040 |
_aPGUSA _beng |
||
| 042 | _adc | ||
| 050 | 4 | _aE151 | |
| 100 | 1 |
_aSteward, T. G. _q(Theophilus Gould), _d1843-1924 |
|
| 245 | 1 | 0 |
_aHow the Black St. Domingo Legion Saved the Patriot Army in the Siege of Savannah, 1779 : _bThe American Negro Academy. Occasional Papers No. 5 _h[electronic resource] / _cT. G. Steward |
| 260 |
_bProject Gutenberg, _c2010 |
||
| 506 | _aPublic domain in the USA. | ||
| 516 | _aElectronic text | ||
| 653 | _aSavannah (Ga.) -- History -- Siege, 1779 | ||
| 653 | _aUnited States -- History -- Revolution, 1775-1783 -- Participation, African American | ||
| 653 | _aAfrican American soldiers | ||
| 830 | 0 |
_aProject Gutenberg _v31256 |
|
| 856 | 4 | 0 | _uhttp://www.gutenberg.org/ebooks/31256 |
| 942 | _cEB | ||
| 999 |
_c260511 _d260511 |
||